| 000 | 00000nam 2200000za 4500 |
| 001 | 9.567091 |
| 003 | CaOODSP |
| 005 | 20240527135426 |
| 007 | cr ||||||||||| |
| 008 | 150406s2013||||abcb|||#ob f000 0 eng d |
| 020 | |q9781100152844 |
| 040 | |aCaOODSP|beng |
| 041 | |aeng|bfre |
| 043 | |an-cn-ab |
| 086 | 1 |aCW69-5/506E-PDF |
| 100 | 1 |aBeyersbergen, Gerard W. |
| 245 | 10|aObservations of shorebird migration at Hay-Zama Lakes and Kimiwan Lake, Alberta, 2001-2003 |h[electronic resource] / |cGerard W. Beyersbergen. |
| 260 | |aEdmonton : |bCanadian Wildlife Service, Prairie and Northern Region, |cc2013. |
| 300 | |avi, 19 p. : |bcol. maps |
| 490 | 1 |aTechnical report series / Canadian Wildlife Service ; |vno. 506 |
| 504 | |aIncludes bibliographical references: p. 15-17. |
| 546 | |aIncludes abstract in French. |
| 590 | |a15-01-Supp|b2015-01-26 |
| 710 | 2 |aCanadian Wildlife Service. |
| 775 | 08|tObservations de migration des oiseaux de rivage aux lacs Hay-Zama et au lac Kimiwan, Alberta, 2001-2003 / |w(CaOODSP)9.598454 |
| 830 | #0|aTechnical report series (Canadian Wildlife Service)|v506|w(CaOODSP)9.504438 |
| 856 | 40|ahttp://publications.gc.ca|qPDF|s1.95 MB|uhttps://publications.gc.ca/collections/collection_2015/ec/CW69-5-506-eng.pdf|y506 |